[Event "MVP-ch Seniors op 19th"]
[Site "Ostseebad Binz"]
[Date "2019.11.28"]
[Round "2"]
[White "Semisch, Helga"]
[Black "Jasinski, Viktor"]
[Result "1/2-1/2"]
[WhiteElo "1487"]
[BlackElo "1736"]
[PlyCount "43"]
[EventDate "2019.11.27"]
[EventType "swiss"]
[EventRounds "9"]
[EventCountry "GER"]
[SourceTitle "EXT 2021"]
[Source "ChessBase"]
[SourceDate "2020.10.23"]
[SourceVersion "1"]
[SourceVersionDate "2020.10.23"]
[SourceQuality "1"]

1. d4 Nf6 2. e3 e6 3. Bd3 d5 4. Nd2 Bd6 5. f4 b6 6. Ngf3 h6 7. 0-0 0-0 8. c4 Bb7 9. Qe1 Nbd7 10. b3 c5 11. Bb2 Re8 12. Ne5 Ne4 13. Ndf3 f6 14. Ng6 Nf8 15. Nxf8 Rxf8 16. Bxe4 dxe4 17. Nh4 Qe8 18. f5 Qh5 19. fxe6 g5 20. Rf5 Qxh4 21. Qxh4 gxh4 22. h3 1/2-1/2

[Event "MVP-ch Seniors op 18th"]
[Site "Ostseebad Binz"]
[Date "2018.11.30"]
[Round "3"]
[White "Jasinski, Viktor"]
[Black "Deflieze, Ulrich"]
[Result "1-0"]
[WhiteElo "1738"]
[BlackElo "1955"]
[PlyCount "41"]
[EventDate "2018.11.28"]
[EventType "swiss"]
[EventRounds "9"]
[EventCountry "GER"]
[SourceTitle "CBM 188 Extra"]
[Source "ChessBase"]
[SourceDate "2019.02.26"]
[SourceVersion "1"]
[SourceVersionDate "2019.02.26"]
[SourceQuality "1"]

1. d4 Nf6 2. c4 e6 3. Nf3 d5 4. Nc3 Be7 5. e3 b6 6. cxd5 exd5 7. Be2 0-0 8. 0-0 Bg4 9. Ne5 Bxe2 10. Qxe2 c5 11. b3 cxd4 12. exd4 Bb4 13. Bb2 Bxc3 14. Bxc3 Ne4 15. Rfc1 f6 16. Nf3 Nc6 17. Bb2 Rc8 18. Rc2 Rf7 19. Rac1 Rfc7 20. Ba3 Nd6 21. Qe6+ 1-0

[Event "MVP-ch Seniors op 18th"]
[Site "Ostseebad Binz"]
[Date "2018.11.29"]
[Round "2"]
[White "Neldner, Frank"]
[Black "Jasinski, Viktor"]
[Result "0-1"]
[WhiteElo "1539"]
[BlackElo "1738"]
[PlyCount "66"]
[EventDate "2018.11.28"]
[EventType "swiss"]
[EventRounds "9"]
[EventCountry "GER"]
[SourceTitle "CBM 188 Extra"]
[Source "ChessBase"]
[SourceDate "2019.02.26"]
[SourceVersion "1"]
[SourceVersionDate "2019.02.26"]
[SourceQuality "1"]

1. e4 c5 2. c3 g6 3. d4 cxd4 4. cxd4 Bg7 5. Nf3 e6 6. Bc4 Ne7 7. Nc3 0-0 8. 0-0 d5 9. exd5 exd5 10. Bb3 h6 11. h3 Nbc6 12. Be3 Be6 13. Qd2 Nf5 14. Bc2 Nxe3 15. fxe3 Ne7 16. Ne2 Rc8 17. Nf4 Qb6 18. b4 Rc7 19. a3 Rfc8 20. Rfc1 Qd6 21. Bd3 Bf5 22. Rxc7 Qxc7 23. Bxf5 gxf5 24. Nd3 Qc3 25. Qd1 Qc2 26. Qf1 Rc3 27. Nfe1 Qd2 28. Qf4 Rxd3 29. Nxd3 Qxd3 30. Qf2 Nc6 31. Kh2 Nxd4 32. Rc1 Be5+ 33. Kg1 Ne2+ 0-1

[Event "MVP-ch Seniors op 16th"]
[Site "Binz"]
[Date "2016.11.28"]
[Round "6.63"]
[White "Holfter, Dietrich"]
[Black "Jasinski, Viktor"]
[Result "1/2-1/2"]
[WhiteElo "1666"]
[BlackElo "1820"]
[PlyCount "30"]
[EventDate "2016.11.23"]
[EventType "swiss"]
[EventRounds "9"]
[EventCountry "GER"]
[SourceTitle "EXT 2018"]
[Source "ChessBase"]
[SourceDate "2017.10.13"]
[SourceVersion "1"]
[SourceVersionDate "2017.10.13"]
[SourceQuality "1"]

1. d4 d5 2. c4 e6 3. Nc3 Nf6 4. Nf3 Nbd7 5. Bg5 Be7 6. e3 0-0 7. Rc1 c6 8. cxd5 Nxd5 9. Bxe7 Qxe7 10. a3 a5 11. Bd3 Re8 12. Qc2 g6 13. 0-0 f5 14. Rfe1 e5 15. Nxd5 cxd5 1/2-1/2

[Event "Mecklenburg VP Cup"]
[Site "Greifswald"]
[Date "2016.06.11"]
[Round "2.2"]
[White "Jasinski, Viktor"]
[Black "Raitza, Egon"]
[Result "1-0"]
[WhiteElo "1829"]
[BlackElo "1829"]
[PlyCount "71"]
[EventDate "2016.06.10"]
[EventType "swiss"]
[EventRounds "5"]
[EventCountry "GER"]
[SourceTitle "EXT 2024"]
[Source "ChessBase"]
[SourceDate "2023.10.10"]
[SourceVersion "1"]
[SourceVersionDate "2023.10.10"]
[SourceQuality "1"]

1. d4 d5 2. Nf3 Nf6 3. c4 e6 4. Nc3 c6 5. e3 Bd6 6. Bd3 0-0 7. 0-0 Nbd7 8. Re1 dxc4 9. Bxc4 e5 10. Qc2 exd4 11. exd4 h6 12. Ne4 Nxe4 13. Qxe4 Nf6 14. Qc2 Qc7 15. Ne5 Bd7 16. Bxh6 Nd5 17. Bxd5 cxd5 18. Qxc7 Bxc7 19. Nxd7 Rfd8 20. Bxg7 Kxg7 21. Nc5 b6 22. Nd3 Bd6 23. Rac1 Rac8 24. Rxc8 Rxc8 25. Rc1 Rc4 26. Rxc4 dxc4 27. Ne5 b5 28. Kf1 Kf6 29. f4 Kf5 30. g3 f6 31. Nc6 a6 32. Ke2 Ke4 33. h4 Kd5 34. Nd8 Kxd4 35. h5 Bf8 36. Ne6+ 1-0

[Event "MVP-ch Seniors op 15th"]
[Site "Binz"]
[Date "2015.12.01"]
[Round "8.54"]
[White "Hondema, Evert C"]
[Black "Jasinski, Viktor"]
[Result "1-0"]
[WhiteElo "1918"]
[BlackElo "1537"]
[PlyCount "93"]
[EventDate "2015.11.24"]
[EventType "swiss"]
[EventRounds "9"]
[EventCountry "GER"]
[SourceTitle "EXT 2017"]
[Source "ChessBase"]
[SourceDate "2016.10.25"]
[SourceVersion "1"]
[SourceVersionDate "2016.10.25"]
[SourceQuality "1"]

1. d4 Nf6 2. Nf3 e6 3. Bf4 d6 4. e3 Be7 5. h3 Nbd7 6. Be2 b6 7. Nbd2 Bb7 8. 0-0 0-0 9. c3 Re8 10. a4 a5 11. Qb3 Bf8 12. Bh2 Ne4 13. Nxe4 Bxe4 14. Nd2 Bb7 15. Rfe1 Nf6 16. Bb5 c6 17. Bf1 Ba6 18. Bxa6 Rxa6 19. Qc4 Qc8 20. e4 Ra8 21. Qd3 Rd8 22. Qe2 Qd7 23. Nc4 Rab8 24. e5 Ne8 25. exd6 Nxd6 26. Ne5 Qb7 27. b4 g6 28. b5 cxb5 29. axb5 Rbc8 30. Nc6 Rd7 31. c4 Nf5 32. Qe4 Bd6 33. d5 Bxh2+ 34. Kxh2 exd5 35. cxd5 Kf8 36. g3 Ne7 37. Rad1 Qc7 38. Qd4 Kg8 39. Qe4 Kf8 40. Re2 Qd6 41. Qd4 Kg8 42. Qxb6 Nxc6 43. bxc6 Rxc6 44. Re8+ Kg7 45. Qxc6 Qxc6 46. dxc6 Rxd1 47. c7 1-0

[Event "MVP-ch Seniors op 15th"]
[Site "Binz"]
[Date "2015.11.30"]
[Round "7.37"]
[White "Jasinski, Viktor"]
[Black "Nauschuetz, Ernst"]
[Result "0-1"]
[WhiteElo "1537"]
[BlackElo "1841"]
[PlyCount "80"]
[EventDate "2015.11.24"]
[EventType "swiss"]
[EventRounds "9"]
[EventCountry "GER"]
[SourceTitle "EXT 2017"]
[Source "ChessBase"]
[SourceDate "2016.10.25"]
[SourceVersion "1"]
[SourceVersionDate "2016.10.25"]
[SourceQuality "1"]

1. d4 Nf6 2. c4 e6 3. Nc3 Bb4 4. Qc2 Nc6 5. Nf3 d6 6. Bg5 h6 7. Bxf6 Qxf6 8. e3 0-0 9. a3 Bxc3+ 10. Qxc3 e5 11. d5 Ne7 12. e4 c5 13. Be2 g5 14. h3 Ng6 15. g3 Qe7 16. 0-0-0 f5 17. Nd2 Rf7 18. Bh5 Rg7 19. Bxg6 Rxg6 20. exf5 Bxf5 21. g4 Bd7 22. Ne4 b5 23. Qc2 Rg7 24. Ng3 bxc4 25. Qxc4 Rf7 26. Rd2 Rf4 27. Qc2 Qf7 28. Rh2 a5 29. Nh5 Rd4 30. Qb3 Be8 31. Qb6 Qe7 32. f3 Bxh5 33. gxh5 Rf4 34. Rd3 Qd8 35. Qxd8+ Rxd8 36. Kc2 a4 37. Kc3 Rb8 38. Kc2 c4 39. Rc3 Rb5 40. Re2 Rxd5 0-1

[Event "MVP-ch Seniors op 13th"]
[Site "Binz"]
[Date "2013.12.02"]
[Round "6"]
[White "Garbe, Eckhard"]
[Black "Jasinski, Viktor"]
[Result "0-1"]
[WhiteElo "1381"]
[BlackElo "1569"]
[PlyCount "60"]
[EventDate "2013.11.27"]
[EventType "swiss"]
[EventRounds "9"]
[EventCountry "GER"]
[SourceTitle "EXT 2015"]
[Source "ChessBase"]
[SourceDate "2014.11.20"]
[SourceVersion "1"]
[SourceVersionDate "2014.11.20"]
[SourceQuality "1"]

1. d4 Nf6 2. Nf3 e6 3. c4 d5 4. e3 Be7 5. Nc3 0-0 6. Bd3 Nbd7 7. 0-0 b6 8. Re1 Bb7 9. e4 Bb4 10. Qc2 dxe4 11. Bxe4 Bxe4 12. Nxe4 Bxe1 13. Nxe1 Nxe4 14. Qxe4 Nf6 15. Qf4 Re8 16. Nf3 Qd6 17. Qxd6 cxd6 18. Bf4 d5 19. cxd5 Nxd5 20. Be3 Rac8 21. g3 Rc2 22. b3 Nxe3 23. fxe3 Rec8 24. a4 Rc1+ 25. Rxc1 Rxc1+ 26. Kf2 Rc2+ 27. Ke1 Rc3 28. Nd2 Rxe3+ 29. Kf2 Rc3 30. Ke2 Kf8 0-1

[Event "MVP-ch Seniors op 13th"]
[Site "Binz"]
[Date "2013.12.01"]
[Round "5"]
[White "Jasinski, Viktor"]
[Black "Bachmann, Rolf"]
[Result "0-1"]
[WhiteElo "1569"]
[BlackElo "1891"]
[PlyCount "80"]
[EventDate "2013.11.27"]
[EventType "swiss"]
[EventRounds "9"]
[EventCountry "GER"]
[SourceTitle "EXT 2015"]
[Source "ChessBase"]
[SourceDate "2014.11.20"]
[SourceVersion "1"]
[SourceVersionDate "2014.11.20"]
[SourceQuality "1"]

1. d4 Nf6 2. c4 e6 3. Nf3 d5 4. Nc3 Be7 5. e3 0-0 6. Bd3 Nbd7 7. 0-0 b6 8. Qc2 dxc4 9. Bxc4 Bb7 10. Qe2 c5 11. Ba6 Qc8 12. Bxb7 Qxb7 13. Bd2 Rfd8 14. Rfd1 Rac8 15. dxc5 Nxc5 16. Be1 Nd5 17. Nxd5 Rxd5 18. Rxd5 Qxd5 19. Qd1 Rd8 20. Qc2 Bf6 21. Nd2 Nd3 22. Nb3 Nxb2 23. Bc3 Bxc3 24. Qxc3 Qd1+ 25. Qe1 Qxe1+ 26. Rxe1 e5 27. g3 Rd1 28. Kf1 Kf8 29. Ke2 Rxe1+ 30. Kxe1 Ke7 31. Kd2 Kd6 32. Kc2 Na4 33. Nd2 Nc5 34. Nf3 f6 35. Nd2 Kd5 36. f3 a5 37. Kc3 b5 38. e4+ Ke6 39. a3 f5 40. Nf1 fxe4 0-1

[Event "MVP-ch Seniors op 12th"]
[Site "Binz"]
[Date "2012.12.05"]
[Round "8"]
[White "Schumann, Hans"]
[Black "Jasinski, Viktor"]
[Result "1-0"]
[WhiteElo "1464"]
[BlackElo "1548"]
[PlyCount "79"]
[EventDate "2012.11.28"]
[EventType "swiss"]
[EventRounds "9"]
[EventCountry "GER"]
[SourceTitle "EXT 2014"]
[Source "ChessBase"]
[SourceDate "2013.11.20"]
[SourceVersion "1"]
[SourceVersionDate "2013.11.20"]
[SourceQuality "1"]

1. b4 Nf6 2. Bb2 c6 3. e3 d5 4. d4 g6 5. Nf3 Bg7 6. Bd3 Nbd7 7. Nbd2 Qc7 8. c4 dxc4 9. Nxc4 0-0 10. Qb3 Nb6 11. Nce5 Be6 12. Qc2 Nfd7 13. Nxd7 Qxd7 14. 0-0 Nd5 15. a3 f6 16. h3 Rfe8 17. Be2 Bf7 18. Bc4 e6 19. Qd2 Rad8 20. Rad1 Nb6 21. Bb3 e5 22. Bxf7+ Qxf7 23. Qc2 Nc4 24. dxe5 Rxd1 25. Rxd1 fxe5 26. Ng5 Nxe3 27. fxe3 Qa2 28. Ne4 b6 29. Rd7 Qe6 30. Rd6 Qa2 31. Rxc6 b5 32. Rc8 Rxc8 33. Qxc8+ Bf8 34. Qc1 Bg7 35. Kh2 Qd5 36. Qc8+ Kf7 37. Qc7+ Kg8 38. Nd6 Bf8 39. Ne8 e4 40. Nf6+ 1-0

[Event "MVP-ch Seniors op 12th"]
[Site "Binz"]
[Date "2012.12.01"]
[Round "4"]
[White "Kohn, Friedrich"]
[Black "Jasinski, Viktor"]
[Result "0-1"]
[WhiteElo "1326"]
[BlackElo "1548"]
[PlyCount "92"]
[EventDate "2012.11.28"]
[EventType "swiss"]
[EventRounds "9"]
[EventCountry "GER"]
[SourceTitle "EXT 2014"]
[Source "ChessBase"]
[SourceDate "2013.11.20"]
[SourceVersion "1"]
[SourceVersionDate "2013.11.20"]
[SourceQuality "1"]

1. e4 c5 2. Nf3 d6 3. d4 cxd4 4. Nxd4 Nf6 5. Nc3 a6 6. Bg5 e6 7. Bc4 Be7 8. 0-0 Nxe4 9. Bxe7 Qxe7 10. Nxe4 d5 11. Bd3 dxe4 12. Bxe4 0-0 13. c3 Nd7 14. Nb3 Rb8 15. Re1 Rd8 16. Qc2 Nf6 17. Bf3 Bd7 18. Rad1 Ba4 19. Rxd8+ Rxd8 20. Rd1 b6 21. Rxd8+ Qxd8 22. Qd2 Qc7 23. Nd4 Qd6 24. Qe3 Nd5 25. Bxd5 Qxd5 26. Qf3 Qd8 27. b3 e5 28. bxa4 exd4 29. cxd4 g6 30. Qc3 Qe8 31. g3 Qxa4 32. a3 b5 33. Kg2 a5 34. d5 Qe4+ 35. f3 Qxd5 36. Qxa5 Qa2+ 37. Kh3 Qd5 38. Kg2 h5 39. a4 Qa2+ 40. Kf1 bxa4 41. Ke1 Qb3 42. Qd8+ Kh7 43. Qd1 Qe3+ 44. Kf1 a3 45. f4 a2 46. Qa1 Qb3 0-1

[Event "MVP-ch Seniors op 12th"]
[Site "Binz"]
[Date "2012.11.30"]
[Round "3"]
[White "Jasinski, Viktor"]
[Black "Fritsch, Juergen"]
[Result "0-1"]
[WhiteElo "1548"]
[BlackElo "1778"]
[PlyCount "106"]
[EventDate "2012.11.28"]
[EventType "swiss"]
[EventRounds "9"]
[EventCountry "GER"]
[SourceTitle "EXT 2014"]
[Source "ChessBase"]
[SourceDate "2013.11.20"]
[SourceVersion "1"]
[SourceVersionDate "2013.11.20"]
[SourceQuality "1"]

1. d4 d5 2. c4 e6 3. Nf3 a6 4. e3 dxc4 5. Bxc4 b5 6. Be2 Bb7 7. 0-0 Nd7 8. Nbd2 Ngf6 9. a3 c5 10. dxc5 Nxc5 11. b4 Nce4 12. Nxe4 Nxe4 13. Qxd8+ Rxd8 14. Bb2 Nd2 15. Rfd1 Nxf3+ 16. Bxf3 Bxf3 17. Rxd8+ Kxd8 18. gxf3 Bd6 19. Kf1 f6 20. Bc3 Kd7 21. a4 bxa4 22. Rxa4 Rc8 23. Bd4 Rc6 24. Bc5 g5 25. h3 h5 26. Ke2 Kc7 27. Bxd6+ Rxd6 28. Ra5 Kb6 29. Rc5 e5 30. f4 exf4 31. exf4 g4 32. Rxh5 gxh3 33. Rxh3 Kb5 34. Rb3 Rd4 35. Kf3 Rxb4 36. Rd3 Rc4 37. Rb3+ Rb4 38. Rd3 a5 39. Rd6 a4 40. Rxf6 a3 41. Rf5+ Ka4 42. Rf8 Kb3 43. Ra8 Ra4 44. Rb8+ Kc4 45. Rc8+ Kb3 46. Rb8+ Rb4 47. Ra8 a2 48. Rxa2 Kxa2 49. Kg4 Kb3 50. Kg5 Kc4 51. f5 Kd5 52. f4 Kd6 53. f6 Ke6 0-1

[Event "MVP-ch Seniors op 11th"]
[Site "Binz"]
[Date "2011.12.06"]
[Round "7.52"]
[White "Jasinski, Viktor"]
[Black "Meinke, Dietlind"]
[Result "1/2-1/2"]
[WhiteElo "1591"]
[BlackElo "1738"]
[PlyCount "119"]
[EventDate "2011.11.30"]
[EventType "swiss"]
[EventRounds "9"]
[EventCountry "GER"]
[SourceTitle "EXT 2013"]
[Source "ChessBase"]
[SourceDate "2012.11.22"]
[SourceVersion "1"]
[SourceVersionDate "2012.11.22"]
[SourceQuality "1"]

1. d4 Nf6 2. c4 e6 3. Nc3 d5 4. Nf3 Be7 5. e3 0-0 6. Bd3 dxc4 7. Bxc4 c5 8. 0-0 a6 9. a4 Qc7 10. dxc5 Bxc5 11. Qe2 Rd8 12. Bd2 Nc6 13. Rfd1 b6 14. Be1 Bb7 15. Rxd8+ Rxd8 16. Bxa6 Bxa6 17. Qxa6 Nb4 18. Qe2 Nbd5 19. Rd1 Ra8 20. Nxd5 Nxd5 21. b3 Bd6 22. g3 Rc8 23. Qd3 Be7 24. Bd2 h6 25. Rc1 Qb7 26. Rxc8+ Qxc8 27. Qc4 Qc5 28. Qxc5 Bxc5 29. Ne5 Nf6 30. b4 Bd6 31. Nc4 Bc7 32. f3 Kf8 33. e4 Nd7 34. f4 Nf6 35. Be3 Nxe4 36. Bxb6 Bxb6+ 37. Nxb6 Nc3 38. a5 Nb5 39. Kf2 Ke8 40. Ke3 Kd8 41. Kd3 Kc7 42. Nc4 Kb7 43. Ke4 f6 44. g4 Nc3+ 45. Kd4 Nd5 46. f5 Nxb4 47. fxe6 Kc7 48. Kc5 Nc6 49. Nd6 Nxa5 50. e7 Nb7+ 51. Nxb7 Kd7 52. e8Q+ Kxe8 53. Kd6 Kf7 54. Kd5 Kg6 55. Ke4 Kg5 56. Nd6 Kxg4 57. Nf5 g6 58. Nxh6+ Kh3 59. Ng8 f5+ 60. Kf4 1/2-1/2

[Event "Niedersachsen-ch Seniors op 14th"]
[Site "Bad Bevensen"]
[Date "2011.07.05"]
[Round "1"]
[White "Jasinski, Viktor"]
[Black "Bachmann, Rolf"]
[Result "1/2-1/2"]
[WhiteElo "1608"]
[BlackElo "1890"]
[PlyCount "81"]
[EventDate "2011.07.05"]
[EventType "swiss"]
[EventRounds "9"]
[EventCountry "GER"]
[SourceTitle "EXT 2012"]
[Source "ChessBase"]
[SourceDate "2011.11.24"]
[SourceVersion "1"]
[SourceVersionDate "2011.11.24"]
[SourceQuality "1"]

1. d4 Nf6 2. Nf3 g6 3. c4 Bg7 4. Nc3 0-0 5. e4 d6 6. h3 Nbd7 7. Be3 c6 8. Be2 Qc7 9. Rc1 b6 10. 0-0 Bb7 11. Qc2 Rac8 12. Bd3 Qb8 13. Qd2 Rfd8 14. Qe2 e5 15. d5 c5 16. Nh2 Rf8 17. Qd2 Kh8 18. Bh6 Ng8 19. Bxg7+ Kxg7 20. f4 exf4 21. Qxf4 Ne5 22. Be2 Rce8 23. g4 Qd8 24. Rf2 Bc8 25. Rd1 f6 26. b3 Rf7 27. Qd2 Qe7 28. Bf1 Ref8 29. Bg2 a6 30. Rb1 Qd8 31. Rbf1 Bd7 32. Qe2 Ne7 33. Nf3 g5 34. Nxe5 fxe5 35. Rxf7+ Rxf7 36. Rxf7+ Kxf7 37. Nd1 Ng6 38. Ne3 Nf4 39. Qf2 Qf6 40. Bf1 h5 41. Kh2 1/2-1/2

[Event "Niedersachsen-ch Seniors op 13th"]
[Site "Bad Bevensen"]
[Date "2010.07.10"]
[Round "5"]
[White "Blosze, Winfried"]
[Black "Jasinski, Viktor"]
[Result "1/2-1/2"]
[WhiteElo "1683"]
[BlackElo "1585"]
[PlyCount "70"]
[EventDate "2010.07.06"]
[EventType "swiss"]
[EventRounds "9"]
[EventCountry "GER"]
[SourceTitle "EXT 2012"]
[Source "ChessBase"]
[SourceDate "2011.11.24"]
[SourceVersion "1"]
[SourceVersionDate "2011.11.24"]
[SourceQuality "1"]

1. e4 c5 2. d4 cxd4 3. c3 d5 4. Qxd4 dxe4 5. Qxe4 Nf6 6. Qc2 g6 7. Nf3 Bg7 8. Bb5+ Bd7 9. Na3 0-0 10. 0-0 Bf5 11. Qb3 Be6 12. Bc4 Bxc4 13. Nxc4 Qc7 14. g3 e5 15. Ncxe5 Nc6 16. Bf4 Nh5 17. Nxg6 Nxf4 18. Nxf4 Rad8 19. Rad1 Na5 20. Qc2 b6 21. Qf5 Nc4 22. Rxd8 Rxd8 23. Rb1 Qc6 24. Nh5 Qg6 25. Qxg6 fxg6 26. Nxg7 Kxg7 27. Nd4 Re8 28. Kg2 Kf6 29. a4 Re5 30. b3 Nd2 31. Rb2 Ne4 32. c4 Nc5 33. Nb5 a6 34. Nc7 Re1 35. Nd5+ Ke5 1/2-1/2

[Event "Niedersachsen-ch Seniors op 13th"]
[Site "Bad Bevensen"]
[Date "2010.07.09"]
[Round "4"]
[White "Jasinski, Viktor"]
[Black "Schroeder, Christian"]
[Result "0-1"]
[WhiteElo "1585"]
[BlackElo "1841"]
[PlyCount "42"]
[EventDate "2010.07.06"]
[EventType "swiss"]
[EventRounds "9"]
[EventCountry "GER"]
[SourceTitle "EXT 2012"]
[Source "ChessBase"]
[SourceDate "2011.11.24"]
[SourceVersion "1"]
[SourceVersionDate "2011.11.24"]
[SourceQuality "1"]

1. d4 Nf6 2. Nf3 d5 3. c4 c6 4. Nc3 Bf5 5. cxd5 cxd5 6. e3 Nc6 7. Be2 e6 8. a3 Rc8 9. Bd2 Bd6 10. Rc1 h6 11. h3 0-0 12. 0-0 Na5 13. Nb5 Rxc1 14. Bxc1 Bb8 15. Bd2 a6 16. Qa4 Nc6 17. Nc3 Qd6 18. Nd1 Rc8 19. Qb3 Ne4 20. Bc3 b5 21. Bd3 Ng5 0-1

[Event "Mecklenburg VP LL2 Ost 0910"]
[Site "Mecklenburg VP"]
[Date "2010.03.21"]
[Round "8.7"]
[White "Jasinski, Viktor"]
[Black "Nickel, Udo"]
[Result "1/2-1/2"]
[WhiteElo "1557"]
[BlackElo "1660"]
[PlyCount "22"]
[EventDate "2009.10.18"]
[EventType "team-tourn"]
[EventRounds "9"]
[EventCountry "GER"]
[SourceTitle "EXT 2016"]
[Source "ChessBase"]
[SourceDate "2015.10.08"]
[SourceVersion "1"]
[SourceVersionDate "2015.10.08"]
[SourceQuality "1"]
[WhiteTeam "Wolgast Motor"]
[BlackTeam "Saal Waterkant"]
[WhiteTeamCountry "GER"]
[BlackTeamCountry "GER"]

1. d4 d5 2. c4 e6 3. Nf3 Nf6 4. Nc3 Be7 5. e3 0-0 6. Bd3 dxc4 7. Bxc4 c5 8. 0-0 a6 9. dxc5 Bxc5 10. Qc2 Nc6 11. a3 Qc7 1/2-1/2

[Event "Mecklenburg VP-ch Seniors op 09th"]
[Site "Binz"]
[Date "2009.12.06"]
[Round "6.52"]
[White "Hartlaub, Marianne"]
[Black "Jasinski, Viktor"]
[Result "0-1"]
[WhiteElo "1442"]
[BlackElo "1557"]
[PlyCount "50"]
[EventDate "2009.12.01"]
[EventType "swiss"]
[EventRounds "9"]
[EventCountry "GER"]
[SourceTitle "EXT 2022"]
[Source "ChessBase"]
[SourceDate "2021.10.06"]
[SourceVersion "1"]
[SourceVersionDate "2021.10.06"]
[SourceQuality "1"]

1. Nf3 d5 2. c4 d4 3. b4 g6 4. Bb2 Bg7 5. e3 e5 6. exd4 exd4 7. d3 Bg4 8. Qe2+ Ne7 9. Nbd2 0-0 10. Qe4 Bxf3 11. Nxf3 Nec6 12. Kd2 Re8 13. Qg4 Bh6+ 14. Kd1 f5 15. Qh4 Qxh4 16. Nxh4 Nxb4 17. Bxd4 N8c6 18. Bc3 Rad8 19. d4 Nxd4 20. Bxb4 Nb3+ 21. Kc2 Nxa1+ 22. Kb2 Bg7+ 23. Ka3 Nc2+ 24. Kb3 Nxb4 25. Kxb4 Re1 0-1

[Event "Mecklenburg VP-ch Seniors op 09th"]
[Site "Binz"]
[Date "2009.12.02"]
[Round "2.62"]
[White "Freerksen, Uwe"]
[Black "Jasinski, Viktor"]
[Result "0-1"]
[WhiteElo "1233"]
[BlackElo "1557"]
[PlyCount "68"]
[EventDate "2009.12.01"]
[EventType "swiss"]
[EventRounds "9"]
[EventCountry "GER"]
[SourceTitle "EXT 2022"]
[Source "ChessBase"]
[SourceDate "2021.10.06"]
[SourceVersion "1"]
[SourceVersionDate "2021.10.06"]
[SourceQuality "1"]

1. e4 c5 2. g3 Nc6 3. Bg2 g6 4. Nc3 Bg7 5. d3 d6 6. Bd2 Nf6 7. Nf3 a6 8. 0-0 Bg4 9. Qc1 0-0 10. h3 Bxf3 11. Bxf3 Nd4 12. Bg2 Rb8 13. Kh2 b5 14. Bh6 Bxh6 15. Qxh6 Nxc2 16. Rad1 Nd4 17. Qe3 Qb6 18. e5 dxe5 19. Nd5 Nxd5 20. Bxd5 Qd6 21. Bb3 a5 22. Rc1 Nxb3 23. axb3 Rbc8 24. f4 exf4 25. Rxf4 Rfd8 26. d4 cxd4 27. Rxd4 Qxd4 28. Qxd4 Rxd4 29. Rxc8+ Kg7 30. Rc2 Rd3 31. Re2 e6 32. b4 a4 33. h4 Rb3 34. h5 Rxb4 0-1

[Event "Bad Bevensen Seniors op 12th"]
[Site "Bad Bevensen"]
[Date "2009.07.14"]
[Round "8"]
[White "Jasinski, Viktor"]
[Black "Grueneschild, Hildegard"]
[Result "1/2-1/2"]
[WhiteElo "1557"]
[BlackElo "1419"]
[PlyCount "55"]
[EventDate "2009.07.07"]
[EventType "swiss"]
[EventRounds "9"]
[EventCountry "GER"]
[SourceTitle "EXT 2022"]
[Source "ChessBase"]
[SourceDate "2021.10.06"]
[SourceVersion "1"]
[SourceVersionDate "2021.10.06"]
[SourceQuality "1"]

1. d4 Nf6 2. c4 g6 3. Nc3 Bg7 4. e4 d6 5. f3 0-0 6. Be3 e5 7. d5 Nh5 8. Qd2 f5 9. exf5 gxf5 10. Bg5 Bf6 11. Bxf6 Qxf6 12. 0-0-0 Nf4 13. g3 Ng6 14. Bd3 a6 15. h4 Rf7 16. Nh3 b5 17. Qg5 bxc4 18. Bxc4 Qxg5+ 19. Nxg5 Re7 20. Ne6 Nf8 21. g4 fxg4 22. Nxf8 Kxf8 23. fxg4 Bxg4 24. Rdf1+ Rf7 25. Rhg1 h5 26. Be2 Bxe2 27. Nxe2 Nd7 28. Rd1 1/2-1/2